000 00259nam a2200097Ia 4500
001 778820
005 20250826165932.0
008 250824s9999 xx 000 0 und d
245 0 _aSON KUŞLAR
_cSAİT FAİK ABASIYANIK
260 _bTÜRKİYE İŞ BANKASI YAYINLARI
999 _c778820
_d778820